Statistics for Capitals of the Carribean

Click here to take the quiz!

General Stats

  • This quiz has been taken 1,748 times
  • The average score is 11 of 13

Answer Stats

HintAnswer% Correct
CubaHavanna
97%
JamaicaKingston
96%
Saint Vincent and the GrenadinesKingstown
96%
HaitiPort au Prince
93%
BahamasNassau
90%
Dominican RepublicSanto Domingo
86%
Trinidad and TobagoPort of Spain
84%
BarbadosBridgetown
78%
Antigua and BarbudaSt. John's
75%
DominicaRoseau
70%
GrenadaSt. George's
70%
Saint LuciaCastries
66%
Saint Kitts and NevisBasseterre
64%

Score Distribution

Percentile by Number Answered

Percent of People with Each Score

Your Score History

You have not taken this quiz